00470 2200193 4500001002100000005001500021008004100036020001800077035001900095041000700114082000800121090001400129100001400143245003000157250001100187260004100198300002700239650001000266INLIS00000000000002920241224112114241224||||||||| | ||| |||| || |  a979-769-028-8 0010-1224000029 aid0 a342 a342 RID h0 aRidwan HR00aHukum Administrasi Negara aEd 1-2 aJakartabRaja Grafindo Persadac2010 axviii, 394 hlm,: 21 cm 0aHukum